Kiến trúc hậu hiện đại
Tìm hiểu khái niệm kiến trúc hậu hiện đại và các xu hướng kiến trúc hậu hiện đại; Giải thích quan điểm chuyển hoá luận đến hậu chuyển hoá luận cũng như các quan điểm triết học của phi kiến trúc với các ý nghĩa xã hội học và xu hướ...
محفوظ في:
| المؤلف الرئيسي: | |
|---|---|
| التنسيق: | كتاب |
| اللغة: | Undetermined |
| منشور في: |
Hà Nội
Xây Dựng
2005
|
| الموضوعات: | |
| الوسوم: |
إضافة وسم
لا توجد وسوم, كن أول من يضع وسما على هذه التسجيلة!
|
| Thư viện lưu trữ: | Trung tâm Học liệu Trường Đại học Cần Thơ |
|---|
| LEADER | 01009nam a2200217Ia 4500 | ||
|---|---|---|---|
| 001 | CTU_168830 | ||
| 008 | 210402s9999 xx 000 0 und d | ||
| 020 | |c 25000 | ||
| 082 | |a 724.9 | ||
| 082 | |b Đ103 | ||
| 100 | |a Tôn, Đại | ||
| 245 | 0 | |a Kiến trúc hậu hiện đại | |
| 245 | 0 | |c Tôn Đại | |
| 260 | |a Hà Nội | ||
| 260 | |b Xây Dựng | ||
| 260 | |c 2005 | ||
| 520 | |a Tìm hiểu khái niệm kiến trúc hậu hiện đại và các xu hướng kiến trúc hậu hiện đại; Giải thích quan điểm chuyển hoá luận đến hậu chuyển hoá luận cũng như các quan điểm triết học của phi kiến trúc với các ý nghĩa xã hội học và xu hướng quay lại của chủ nghĩa cổ điển hậu hiện đại. | ||
| 650 | |a Architecture,Kiến trúc | ||
| 650 | |y 2000-,2000- | ||
| 904 | |i QHieu | ||
| 980 | |a Trung tâm Học liệu Trường Đại học Cần Thơ | ||